000 02081cam a22005294i 4500
003 PE-LiUPU
005 20250731165644.0
008 150616s r 000 0 d
020 _a3161461991
035 _a(Sirsi) i9783161461996
040 _aPE-LiUPU
_bspa
_cPE-LiUPU
_erda
049 _aPRUA
082 0 4 _a296.155
_bCH
_221
100 1 _aCharlesworth, James H.,
_eautor.
245 1 4 _aThe Dead Sea Scrolls: Hebrew, Aramaic, and Greek Text With English Translations.
_n1 /
_cJames H. Charlesworth.
264 1 _aTübingen, Alemania :
_bWestminster John Knox Press,
_c1994.
300 _a185 páginas ;
_c26 centímetros
336 _atext
_2rdacontent
337 _aunmediated
_2rdamedia
338 _avolume
_2rdacarrier
490 0 _aThe princeton theological seminary dead scrolls project ;
_v1
505 0 _aList of contributors.- Preface.- Foreword (with signa and sigla).- Consistency chart.- Abbreviations.- Rule of the community (1QS).- Rule of the congregation (1QSa).- Blessings (1QSb).- Purification rule (4QO514=4QOrd).
526 _aSEG44
526 _aSEG26
526 _aP151
526 _aP150
526 _aP149
526 _aP146
526 _aP145
526 _aP126
526 _aP125
526 _aP92
526 _aP75
526 _aP74
526 _aP27
526 _aP15
650 0 4 _aManuscritos del mar Muerto
_xCrítica interpretación, etc.
700 1 _aCross, F. M.
700 1 _aMilgrom, J.
910 _ajck
_bjvq
_cjck
942 _2ddc
_cBOOK
949 _aRC 296.155 CH 1
_wDEWEY
_c1
_i41242
_lCCODEBUL1
_mBUL
_r0
_sY
_tBOOK
_u2015-6-16
_xTEOLOGIA
_zUNKNOWN
_0COMPRA
_o.CIRCNOTE. No olvidar cambiar la fecha de devolución!!!!!!!
_o.STAFF. Colección General
994 _aC0
_bPEPRU
596 _a1
999 _aRC 296.155 CH 1
_wDEWEY
_c58904
_i41242
_f2021-11-8
_g5
_lCCODEBUL1
_mBUL
_r1
_sY
_tBOOK
_u2015-6-16
_xTEOLOGIA
_zUNKNOWN
_0COMPRA
_o.CIRCNOTE. No olvidar cambiar la fecha de devolución!!!!!!!
_o.STAFF. Colección General
_d58904
980 _81
_gALBERTO SANCHEZ Responsable de Automatización